| 000 | 00587nam a2200193 u 4500 | ||
|---|---|---|---|
| 005 | 20220603063643.0 | ||
| 008 | 080407s2006 r 000 0 eng d | ||
| 020 | _a1404265600 | ||
| 035 | _aUPN01000155273 | ||
| 049 | _aI | ||
| 050 | 4 |
_aPZ7 _bH6.3 |
|
| 100 | 1 |
_aHoffman, Mary Ann, _d1947- _933606 |
|
| 245 | 1 | 3 |
_aLa rueda perdida / _cMary Ann Hoffman ; tr. José María Obregón. |
| 260 |
_aE.U.A : _bRosen Classroom Books and Materials, _c2006. |
||
| 300 |
_a8 p. : _bil. col. |
||
| 440 | 0 |
_aLecturas del barrio. _pMisterio |
|
| 650 | 4 |
_aCuentos infantiles _96744 |
|
| 905 | _aInfantil | ||
| 999 |
_c127389 _d127389 |
||